000
00339nam a2200145Ia 4500
008
150201s1996 xx 000 0 und d
082
_a
616.07
_b
A1996D
100
_a
DAMJANOV, IVAN
245
_a
ANDERSON PATHOLOGY
250
_a
10TH
260
_b
MOSBY
_a
NEW DELHI
_c
1996
300
_a
1-1560
650
_a
PATHOLOGY
942
_2
ddc
_c
BK
_0
1
999
_c
3368
_d
3368